000 00435nam a2200181Ia 4500
001 3610
005 20260306145656.0
008 260306t2011||||xx |||||||||||||| ||spa||
041 _aESP
082 _a300
_bL55
100 _aVicencio Leyton, Omar
_eAUT
245 0 _aLa investigación en la ciencias sociales
260 _c2011
300 _a172 pƔginas :
_c23 cm.
650 _aGEN
654 _aCHU
942 _cLIB
_dJUS
_fJUS
_2ddc
_n
999 _c3610
_d3610